| 000 | 00442nam a2200157 a 4500 | ||
|---|---|---|---|
| 001 | 677 | ||
| 003 | CDMR | ||
| 005 | 20130328092956.0 | ||
| 008 | 130130s1969||||||||||||||||||||||||||||d | ||
| 040 |
_aCDMR _bcat _cCDMR |
||
| 100 | 1 |
_aBrajnovic, Luka _9519 |
|
| 245 | 1 | 0 |
_aDeontología periodística _b: ensayos en torno a la ética profesional del periodista |
| 260 |
_aPamplona _c1969 _bEUNSA |
||
| 490 | 0 |
_aManuales de periodismo _v3 |
|
| 942 |
_cMON _2udc |
||
| 999 |
_c677 _d677 |
||